<?xml version="1.0" encoding="UTF-8"?>
<record
    xmlns:xsi="http://www.w3.org/2001/XMLSchema-instance"
    xsi:schemaLocation="http://www.loc.gov/MARC21/slim http://www.loc.gov/standards/marcxml/schema/MARC21slim.xsd"
    xmlns="http://www.loc.gov/MARC21/slim">

  <leader>01273nam a2200277 i 4500</leader>
  <controlfield tag="001">166565</controlfield>
  <controlfield tag="003">ES-MaACL</controlfield>
  <controlfield tag="005">20250704063123.0</controlfield>
  <controlfield tag="008">981002q18501860fr a         |||| | fre d</controlfield>
  <datafield tag="040" ind1=" " ind2=" ">
    <subfield code="a">GA </subfield>
    <subfield code="b">spa </subfield>
    <subfield code="c">CCPB | 3D</subfield>
  </datafield>
  <datafield tag="100" ind1="1" ind2=" ">
    <subfield code="a">Touchard-Lafosse, Georges,</subfield>
    <subfield code="d">1780-1847</subfield>
    <subfield code="9">133349</subfield>
  </datafield>
  <datafield tag="245" ind1="1" ind2="0">
    <subfield code="a">Chroniques de l'oeil-de-boeuf, des petits appartements de la cour et des salons de Paris sous Louis XIV, la R&#xE9;gence, Louis XV et Louis XVI /</subfield>
    <subfield code="c">par G. Touchard-Lafosse.</subfield>
  </datafield>
  <datafield tag="250" ind1=" " ind2=" ">
    <subfield code="a">Nouvelle &#xE9;d. augm. du r&#xE9;gne de Louis XIII </subfield>
    <subfield code="b">illustr&#xE9;e par Janet-Lange.</subfield>
  </datafield>
  <datafield tag="260" ind1=" " ind2=" ">
    <subfield code="a">Paris : </subfield>
    <subfield code="b">Gustave Barba, </subfield>
    <subfield code="c">[s.a.] (</subfield>
    <subfield code="f">Typ. Henri Plon)</subfield>
  </datafield>
  <datafield tag="300" ind1=" " ind2=" ">
    <subfield code="a">320, 328 p. : </subfield>
    <subfield code="b">il. ; </subfield>
    <subfield code="c">31 cm.</subfield>
  </datafield>
  <datafield tag="490" ind1="1" ind2=" ">
    <subfield code="a">Le Panth&#xE9;on populaire. 17&#xE8;me s&#xE9;rie</subfield>
  </datafield>
  <datafield tag="596" ind1=" " ind2=" ">
    <subfield code="a">Gustave Barba y Henri Plon trabajan juntos entre 1850 y 1860.</subfield>
  </datafield>
  <datafield tag="597" ind1=" " ind2=" ">
    <subfield code="a">Texto a dos col.</subfield>
  </datafield>
  <datafield tag="597" ind1=" " ind2=" ">
    <subfield code="a">2 t. en 1 v.</subfield>
  </datafield>
  <datafield tag="600" ind1="0" ind2="7">
    <subfield code="a">Luis </subfield>
    <subfield code="b">XIII,</subfield>
    <subfield code="c">Rey de Francia</subfield>
    <subfield code="2"></subfield>
    <subfield code="9">129133</subfield>
  </datafield>
  <datafield tag="600" ind1="0" ind2="4">
    <subfield code="a">Luis </subfield>
    <subfield code="b">XIV,</subfield>
    <subfield code="c">Rey de Francia</subfield>
    <subfield code="9">74697</subfield>
  </datafield>
  <datafield tag="650" ind1=" " ind2="4">
    <subfield code="a">Corte y cortesanos-</subfield>
    <subfield code="z">Francia.</subfield>
    <subfield code="9">151835</subfield>
  </datafield>
  <datafield tag="830" ind1="0" ind2=" ">
    <subfield code="a">Le Panth&#xE9;on populaire. 17&#xE8;me s&#xE9;rie</subfield>
    <subfield code="9">222559</subfield>
  </datafield>
  <datafield tag="852" ind1=" " ind2=" ">
    <subfield code="a">ES-MaACL</subfield>
    <subfield code="j">C-2266 </subfield>
    <subfield code="z">- Enc. hol. </subfield>
    <subfield code="z">. - Legado de Modesto de la Fuente</subfield>
    <subfield code="q">- Falto de port. </subfield>
    <subfield code="x">- Edic.: la BLPC lo fecha ca. 1855-1864</subfield>
  </datafield>
  <datafield tag="999" ind1=" " ind2=" ">
    <subfield code="c">166565</subfield>
    <subfield code="d">166565</subfield>
  </datafield>
  <datafield tag="952" ind1=" " ind2=" ">
    <subfield code="0">0</subfield>
    <subfield code="1">0</subfield>
    <subfield code="4">0</subfield>
    <subfield code="7">0</subfield>
    <subfield code="a">ATENEOM</subfield>
    <subfield code="b">ATENEOM</subfield>
    <subfield code="c">SPAL</subfield>
    <subfield code="d">2008-01-17</subfield>
    <subfield code="e">SSC</subfield>
    <subfield code="l">0</subfield>
    <subfield code="o">C-2266</subfield>
    <subfield code="p">1174696</subfield>
    <subfield code="r">2023-02-23 00:00:00</subfield>
    <subfield code="w">2023-02-23</subfield>
    <subfield code="y">MONOGRAFIA</subfield>
  </datafield>
</record>
